[Event "Final"]
[Site "Dortmund GER"]
[Date "2004.07.31"]
[Round "1"]
[White "Anand, V."]
[Black "Kramnik, V."]
[Result "1/2-1/2"]
[WhiteElo "2782"]
[BlackElo "2770"]
[Annotator "Vladimir Barsky"]
[PlyCount "120"]
[EventDate "2004.07.29"]
[Source "Chess Today"]
[SourceDate "2003.09.18"]

1. e4 e5 2. Nf3 Nc6 3. Bb5 a6 4. Ba4 Nf6 5. O-O Be7 6. Re1 b5 7. Bb3 O-O 8. h3
$5
{Atualmente isto esta em moda, quase todos os jogadores tentam evitar o
Ataque Marshall.} (
{O ataque comeca apos o normal} 8. c3 d5 $5 {etc.}) 8... Bb7 9. d3 d6 10. a3
Nb8 11. Nbd2 Nbd7 12. Nf1 Re8 13. Ne3 Nc5
{
Em uma sua partida jogada na Franca (Maio 2004) Kramnik optou por} (13... g6
{
contra o proprio Anand.}) 14. Ba2 Ne6 15. Nf5 Bf8 16. Ng5 Bc8 17. Qf3 h6 (
{No dia anterior Anand havia jogado aqui} 17... g6 {mas depois de} 18. Nh6+
Bxh6 19. Nxe6 Bxe6 20. Bxh6 Nd7 21. Bxe6 Rxe6 22. Qg3 c5 23. c3
{as brancas
suem alguma vantagem (Leko,P-Anand,V/Dortmund ALE 2004), por isso Kramnik
decidiu fazer outro lance.})
18. Nxe6 Bxe6 19. Bxe6 fxe6 20. Ne3 c5 21. Bd2 Ra7 22. a4
{Na minha opiniao as brancas possuem alguma vantagem aqui, talvez
pequena, mas possuem. Antes de tudo os Peoes pretos na ala da dama estao muito
vulneraveis, e, alem disso, limitam a acao do Bispo preto. Os Peoes dobrados
na coluna "e" defendem todas as casas centrais, mas esta bastante dificil para
as pretas iniciarem um plano ativo no centro com d6-d5.}
22... Rf7 23. axb5 axb5 24. Qe2 Qb6 25. Ng4 $5 Nh7
{
Um lance bastante estranho - o que exatamente o Cavalo vai fazer em h7?} (
{
Normal era} 25... Nxg4) 26. Qe3 Nf6 27. Nxf6+ Rxf6 28. Ra2 b4 29. Rea1
{
Evidentemente as brancas poderiam evitar qualquer chance de contra jogo na ala
da dama com o simples lance b2-b3. No entanto elas querem manter apossibilidade
de jogar c2-c3, abrindo o centro.}
29... Rf7 30. Qg3 Kh7 31. Qg4 Qd8 32. Be3 Qf6 33. h4 b3 $5
{
As pretas nao queriam ficar esperando e encontraram algum contra jogo.}
34. cxb3 Rb8 35. Ra8 Rfb7 (35... Rxb3 $5) 36. Rxb8 Rxb8 37. Ra7 Rxb3 38. Qh5
Qg6 39. Qf3 Kg8 40. h5 Qf6 41. Qe2 Rb8 42. g3
{Esta posicao parece absolutamente
igual, mas Kramnik decidiu lutar pela iniciativa.}
42... d5 $5
{
Um lance duplamente duvidoso - os Peoes de c5 e de e5 ficam bastante fracos.}
43. Kg2 d4 44. Bc1 c4
{Este e o ponto crucial da combinacao preta:
Kramnik tenta explorar a vulneravel posicao da Torre em a7 e do Peao f.}
45. dxc4 d3 46. Qe3 $1 (46. Qxd3 Bc5 47. Be3 Bxa7 48. Bxa7 Rxb2 $15) 46... Rc8
47. Qxd3 Bc5 48. Be3 Bxa7 49. Bxa7
{Agora as brancas possuem dois Peoes
passados e conectados pela qualidade, parece que Anand tem uma obvia vantagem.
Por isso a combinacao preta era duvidosa.}
49... Qf7 50. Bb6 Qxh5 51. b4
{
O Peao h nao e levado em conta na avaliacao da posicao.} 51... Ra8
{As pretas t
entam ativar a sua Torre com o intuito de criar algumas ameacas contra o Rei
branco.}
52. Ba5 Qg4 53. c5 h5 $1 54. c6 h4 55. c7 Kh7 56. Bb6 Rf8 57. Bc5
{As brancas defenderam o seu Peao f e estao prontas para jogar b4-b5-b6...
A primeira vista parece que ja esta tudo acabado, mas...}
57... Rf3 $3 {
Kramnik se defende brilhantemente!} 58. Qb1 (58. Qxf3 $4 h3+
59. Kh2 Qxf3 60. Kxh3 Qh1+ 61. Kg4 Kg6 62. c8=Q Qh5#) (58. Qc2 $2 hxg3 $19) (
58. Qd1 $2 h3+ 59. Kh2 Rxf2+ 60. Bxf2 Qxd1 61. c8=Q Qf1 $19) (58. Qf1 Qxe4 $5
$11) (58. Qe2 $2 Rxg3+ $19) 58... Rxg3+ $1 59. fxg3 Qxg3+ 60. Kf1 Qf3+ (
{A partida empatou por causa de} 60... Qf3+ 61. Ke1 Qh1+ 62. Kd2 (62. Kf2 Qxb1
63. c8=Q Qa2+ 64. Ke3 (64. Kf3) 64... h3 $11) 62... Qxb1 63. c8=Q h3 64. Qxe6
h2 65. Qh3+ Kg8 66. Qc8+ $11 (66. Qxh2 $4 Qb2+ $19)) 1/2-1/2

[Event "Final"]
[Site "Dortmund GER"]
[Date "2004.08.01"]
[Round "4"]
[White "Anand, V."]
[Black "Kramnik, V."]
[Result "1-0"]
[WhiteElo "2782"]
[BlackElo "2770"]
[Annotator "MI Maxim Notkin"]
[PlyCount "61"]
[EventDate "2004.07.29"]
[Source "Chess Today"]
[SourceDate "2004.08.02"]

1. e4 c5 2. Nf3 d6 3. d4 cxd4 4. Nxd4 Nf6 5. Nc3 a6 6. Be3 e5 7. Nb3 Be6 8. f3
h5
{Uma linha secundaria que tem sido jogada ocasionalmente por alguns
fortes GMs incluindo Anand. A ideia do avanco de Peoes e obvia - as pretas
querem evitar que o adversario ganhe atividade na ala do rei.}
9. Nd5 ({
Normalmente as brancas fazem este lance somente apos} 9. Qd2 Nbd7
10. O-O-O Rc8 11. Kb1 Be7) 9... Bxd5 (
{As partidas Shirov - Anand, Leon 2001 e
Yagupov - Loskutov, Tomsk 2004 mostraram que a posicao apos} 
9... Nxd5 10. exd5 Bf5 11. Bd3 Bxd3 12. Qxd3 Nd7 13. O-O-O Be7 14. Kb1 Rc8
15. f4 {
e preferivel para as brancas.}) 10. exd5 Nbd7 11. Qd2 g6
{Neste esquema
o Bispo em e7 tambem e passivo, por isso as pretas estao preparando o
fianqueto.}
12. Na5 $5
{Isto nao e necessariamente o inicio de uma ofensiva na
ala da dama, apesar de que este lance obriga o Peao de b7 a permanecer em seu
lugar e ainda implica em varios planos ativos nesta ala do tabuleiro, por
exemplo b2-b4, c2-c4 ou ate mesmo a2-a4, Cc4, a4-a5.} (
{
Talvez este seja o motivo pelo qual as brancas evitaram a linha:} 12. c4 a5
{pois com o Bispo de f1 bloqueado pelo Peao de c4 as brancas nao sao
capazes de explorar as fraquezas da casa b5 e a atividade delas na ala da dama
esta substancialmente restringida, ao mesmo tempo que as pretas possuem grande
vantagem no centro. As partidas do jovem ucraniano GM Areschenko mostram que
nesta linha as brancas possuem certos problemas.})
12... Qc7 13. Be2 ({
Na partida Gunnarsson - Shneider, Ohrid 2001 foi jogado} 
13. c4 b6 14. Nc6 Nb8 15. Nxb8 Qxb8 16. Be2 Bg7 17. O-O O-O 18. b4
{com uma estavel vantagem
para as brancas, mas eu creio que Kramnik nao teria jogado 13...b6.})
13... Bg7 14. O-O-O (14. O-O
{merece consideracao, pois ele permite um jogo ativo em
ambos os flancos - b2-b4, c2-c4 e em um momento oportuno f3-f4.})
14... Rc8 15. Kb1 O-O ({Se} 15... Nxd5 16. Qxd5 $1 Qxc2+ 17. Ka1 Qxe2
{
as pretas ganham material, no entanto apos} 18. Qxd6 Qb5 19. Nc4 $3
{
elas enfrentam serios problemas, por exemplo,} 19... Rxc4 $2 ({se} 19... Bf8
{
entao} 20. Bg5 $1 Qc6 21. Qxc6 Rxc6 22. Nxe5 Rd6 23. Bf4 $1) ({ou} 19... Qc6
$5 20. Rhe1 Bf8 21. Qxd7+ Qxd7 22. Rxd7 Rxc4 23. Rxb7
{
com um melhor final para as brancas nos dois casos}) 20. Bg5 f6 (20... Bf8
21. Qb8+ $1 Nxb8 22. Rd8#) 21. Qe6+ Kd8 22. Bxf6+ Bxf6 23. Qxf6+ Kc7 24. Qxh8
Rc2 25. Rb1 {e as brancas ganham.}) 16. Rc1 e4
{Apos este lance Anand
consegue um claro plano para desenvolver iniciativa na ala do rei.} (
{
As pretas poderiam ter escolhido entre} 16... b6 17. Nc6 Nxd5 18. Qxd5 Nf6
$1 (18... Qxc6 19. Qxc6 Rxc6 20. Bxa6) 19. Qb3 Qxc6 20. Bxa6 Ra8 21. Bb5 Qc7
22. c4 {com mutuas chances}) ({ou um lance como} 16... Rfe8) 17. f4 Nc5 18. Nb3
{A Dama branca era a unica peca que defendia o Cavalo. Antes de
iniciar um ataque na ala do rei, Anand quis liberar esta peca maior.} (
{Tanto} 18. Rhf1) ({quanto} 18. f5
{poderiam trazer complicacoes, mas objetivamente
nao ha nada de errado com estes lances.})
18... Na4 $2 {
Este lance de Cavalo arruinou a partida preta.} ({Correto era} 
18... b6 {
e o Peao a6 dificilmente pode ser capturado, pois apos} 19. Nxc5
bxc5 20. Bxa6 Ra8 21. Bb5 Rfb8 22. c4 Qa7 23. a3 Ne8
{as pretas possuem excelente
compensacao, alem disso o jogo preto e simples e isto e muito importante em
uma partida de xadrez rapido.})
19. c3 Rfe8 (19... b5 $5) 20. Rhf1 Nb6 $6
{Mais um lance do funesto Cavalo que agora deixou a posicao preta perdida.} (
{
Melhor era} 20... b5 {embora apos} 21. f5 {a iniciativa branca e forte.})
21. c4 Ng4 22. f5 $1 Nxe3 ({Esta claro que lances como} 22... Nxh2
{
somente podem contribuir para o ataque branco. Apos} 23. Rh1 Ng4 24. Bxg4
hxg4 25. Qf2 $1 g3 (25... Nxc4 $2 26. f6) 26. Qf4 $1 gxf5 27. Nd4
{
as pretas estao desesperadas.}) 23. Qxe3 Nd7 24. g4 $5 ({Em caso de} 
24. fxg6 fxg6 25. g4
{as pretas conseguem uma oportunidade de usar a coluna "f"
para a defesa. Porem, de qualquer modo, isto nao teria ajudado muito.})
24... Qb6 25. Qh3 Nc5 (25... g5 $5
{merecia consideracao, com o intuito de fechar
colunas. Entretanto as brancas sao capazes de quebrar estes planos -}
26. f6 $1 (26. Qxh5 $2 Qe3 27. Rfe1 Nf6) (26. gxh5 Bf6) 26... Nxf6 27. gxh5 a5
28. h6 Bh8 29. h7+ $1 Nxh7 30. Rxf7 $1 {ganhando.}) 26. fxg6 fxg6 27. gxh5 Nxb3
28. axb3 Qd4 29. Rc2 {As ameacas pretas sao facilmente barradas.} 29... Rf8
30. Rd1 Qf6 31. Bg4
{As pretas estao forcadas a sacrificar qualidade sem
qualquer compensacao, por isso Kramnik abandonou.}
1-0

[Event "Grupo A"]
[Site "Dortmund GER"]
[Date "2004.07.23"]
[Round "2"]
[White "Anand, Viswanathan"]
[Black "Svidler, Peter"]
[Result "1-0"]
[WhiteElo "2782"]
[BlackElo "2727"]
[Annotator "MI Nikolai Vlassov"]
[PlyCount "105"]
[EventDate "2004.07.22"]
[Source "Chess Today"]
[SourceDate "2004.08.03"]

1. e4 c5 2. Nf3 d6 3. d4 cxd4 4. Nxd4 Nf6 5. Nc3 a6 6. Be3
{
Esta linha tornou-se a principal arma branca contra a Najdorf.} 6... e5
7. Nb3 Be6 8. Qd2 Nbd7 9. f3 b5 10. O-O-O Nb6 11. Qf2
{Peter joga estas posicoes com
as brancas e com as pretas. Ele as conhece muito bem, o que torna a vitoria de
Anand ainda mais digna de apreco!}
11... Nc4 12. Bxc4 bxc4 13. Nc5 Be7 14. h4 Qc8 15. N5a4 ({A troca} 15. Nxe6
fxe6 {favorece as pretas.}) 15... Rb8 16. g4 Qc6 17. Nb6 Bd8 $146 (
{Nesta posicao ja foi jogado} 17... Qb7 18. g5 Nd7 19. Nba4 Qc6 20. a3 O-O
21. h5 f5 22. gxf6 Nxf6 23. Qg3 Kh8 24. Rdg1 Rf7 25. Rh2 Bd8 26. Bg5 Qe8 27. h6
g6 28. f4 Ng4 29. Rd2 Bxg5 30. fxg5 Qe7 31. Kb1 Rd8 32. Qh4
{Slobodjan-Bruzon, Varadero 2000 1/2-1/2}) 18. Ncd5 ({
Tambem e interessante} 
18. g5 $5 Bxb6 19. gxf6 gxf6 20. f4 Ba5 ({ou} 20... Bxe3+ 21. Qxe3 Qb7 22. Kd2
$1) 21. fxe5 Bxc3 22. bxc3 fxe5 23. Bg5 $1
{
com compensacao pelo Peao em ambos os casos}) ({apos} 18. Nbd5 Qb7
{
As brancas tem que enfraquecer o escudo de seu Rei.}) 18... O-O
{Esse era um
ponto critico. Alem do roque, as seguintes continuacoes merecem consideracao:} (
18... Bxb6 19. Nxb6 d5 20. exd5 (20. g5 $2 d4 $1 $17) 20... Nxd5 21. Nxd5 Bxd5
{
agora a unica chance branca e obrigar o Rei preto a ficar no centro} 22. Bc5
Rb5 23. Rhe1 f6 24. Ba3 c3 $1 25. Qa7 $1 ({um cuidadoso} 25. b3 $2
{
perde para} 25... Ra5 $1 26. Qa7 Rxa3 27. Qb8+ Kf7 28. Qxh8 Rxa2 29. Kb1 Qc5
30. Rxd5 Ra1+ 31. Kxa1 Qa3+ 32. Kb1 Qb2#) 25... cxb2+ 26. Kb1 Qe6 ({apos} 
26... Bxa2+ 27. Kxa2 b1=Q+ 28. Rxb1 Qxc2+ 29. Rb2 Rxb2+ 30. Bxb2
{
nao ha xeque perpetuo e as brancas estao com uma peca a mais}) 27. Rxd5 Rxd5
28. Qxg7 Rg8 29. Qxh7
{As brancas possuem um forte Peao passado na coluna "h"
e a posicao exposta do Rei inimigo como compensacao pela qualidade. Eu prefiro
a posicao branca aqui. Por exemplo, no caso de}
29... Ra5 $2 30. Re3 $1
{
com a transferencia da Torre para b3 a vantagem branca torna-se visivel}) (
{
outra interessante continuacao e} 18... c3 $5 19. b3 Bxb6 20. Nxb6 O-O
{
e nao esta facil para as brancas eliminarem o  Peao de c3.}) 19. c3 Nxd5
20. Nxd5 (20. exd5 {nao e perigoso para as pretas} 20... Qb5 ({apos} 20... Qb7
21. Nxc4 Bxd5 22. Nxd6 Qc6 23. Ba7 Ra8
{as pretas estao bem, mas as linhas
sao muito dificeis e e facil cometer erros aqui})
21. dxe6 Bxb6 22. Bxb6 Qxb6 23. exf7+ Rxf7 24. Qxb6 Rxb6
{e as brancas nao possuem qualquer vantagem.
}) 20... Rb5 21. Nb4 Qb7 $2
{
A Dama escolheu a casa errada para se refugiar.} ({Correto era} 21... Qc7 $1
{
e as brancas devem ter cuidado para nao jogar} 22. Nxa6 $6 Qa5 23. Nb4
{
em vista de} 23... Rxb4 $1 24. cxb4 Qxa2 {com um forte ataque.}) 22. Rxd6 $1
a5 ({Apos} 22... Be7 23. Rxa6 Bxb4 24. Ra7 Qb8 25. cxb4 Rc8 26. a3 c3 27. Rd1
cxb2+ 28. Kb1 $1 {as brancas ficam com clara vantagem} ({enquanto que} 28. Kxb2
$6 Rxb4+ $1 29. axb4 Qxb4+ 30. Ka1 Qc3+ 31. Qb2 Qxe3
{
deixaria o Rei exposto.})) 23. Na6 $1 Be7 24. Nc5 $1 Qc8 25. Nxe6 fxe6 (
{Infelizmente} 25... Bxd6 {nao funciona, pois apos} 26. Nxf8 Ba3 $6 27. bxa3
Qxf8 28. Rd1 $1 h6 {as pretas precisam perder tempo} (28... Qxa3+ 29. Kd2 Rb2+
30. Ke1 Qxc3+ (30... Rxf2 31. Rd8+) 31. Bd2 $18) 29. Rd5 Qxa3+ 30. Kd1 Rb1+
31. Ke2 Qxc3 {
parece que as pretas possuem compensacao pela peca, mas apos}
32. Bd2 $1 Qc2 33. Qg3 $1 c3 34. Qxe5 $1 Qd1+ 35. Ke3 Qg1+ 36. Kd3
{
o Rei se livra dos xeques e as brancas ganham.}) 26. Rb6 Rxb6 27. Bxb6 a4 (
{
Mais agudo e} 27... Qc6 {e as brancas poderiam se seduzir por} 28. Bxa5 $2 (
{
correto e} 28. Be3) 28... Bc5 $1
{apos o qual as brancas precisam achar os
melhores lances para conseguir um empate}
29. Qf1 Ra8 30. Qd1 Qc8 31. Bb4 Bxb4 32. cxb4 Rxa2 33. Kb1 Qa8 34. Kc2 c3
35. Qd6 cxb2 36. Qxe6+ Kh8 37. Rb1) 28. a3 Qc6 29. g5 Rb8 $6 ({Melhor e} 
29... Qb5 30. Rd1 Rc8) 30. Ba5 Qb5 (30... Bc5 {nao ajuda, em vista de} 31. Qe2)
31. Bb4 Bxb4 32. cxb4
{As brancas
stao com a posicao ganha, mas as pretas estao tentando dar o seu ultimo
suspiro:}
32... c3 33. Qc2 ({Tambem e ganhador} 33. bxc3 Qd3 34. Kb2 Rf8 35. Rc1 (
{mas nao} 35. Rf1 $2 Qc4 $1 {com um empate}) 35... Rxf3 36. Qc2
{mas a escolha de Anand e melhor.}) 33... cxb2+ 34. Kxb2 Rd8 (
{
Perde mais rapido} 34... Rf8 35. Rd1 Rxf3 $2 36. Rd8+ Kf7 (36... Rf8
37. Rxf8+ Kxf8 38. Qc5+ {com um final de Peoes ganho}) 37. g6+ $1 Kxg6 (
37... hxg6 38. Qc7+ Kf6 39. Rf8#) (37... Kf6 38. Rf8+) 38. Qg2+ $18) 35. Rc1
Kf7 36. Qc4 Rd2+ 37. Kb1 Qd7 38. Qc7 Qxc7 39. Rxc7+ Kg6 40. Ra7
{O apuro de
po ja passou e agora as brancas possuem diversas maneiras para ganhar o final
de Torres.}
40... Kh5 41. Rxa4 Kxh4 42. g6 h5 43. Ra7 Kg5 44. Rxg7 Rd8 45. Kb2 Kf6 46. Rc7
Kxg6 47. b5 h4 48. Rc1 h3 49. Rh1 Rh8 50. a4 Kf6 51. b6 Ke7 52. a5 Kd6 53. Rc1
$1 1-0

[Event "35 Anos da CXEB - Grupo B, Corresp."]
[Site "?"]
[Date "2004.??.??"]
[Round "?"]
[White "Da Costa Junior, Luiz Roberto"]
[Black "Rinaldi, Carlos Alberto"]
[Result "1/2-1/2"]
[WhiteElo "2375"]
[BlackElo "2402"]
[Annotator "Da Costa Junior, L."]
[PlyCount "60"]
[EventDate "2004.??.??"]
[Source "Chess Today"]
[SourceDate "2004.08.05"]

{Eu mostro nesta partida um interessante sacrificio de Peao na Caro Kann com
uma novidade teorica.}
1. e4 c6 2. d4 d5 3. Nc3 dxe4 4. Nxe4 Bf5 5. Ng3 Bg6 6. h4 h6 7. Nf3 Nf6 8. Ne5
Bh7 9. Bc4 e6 10. Qe2 Nd5 11. Bd2 Bxc2 $5 (
{
A principal linha citada na Enciclopedia de Aberturas (ECO 4|_ edicao, 2002) e
} 
11... Nd7 12. O-O-O Nxe5 13. dxe5 Qc7 14. f4 O-O-O
{com posicao
confusa. Isto foi jogado nas partidas: Ivanchuk - Dreev, Elista 1998; De
Firmian - Dautov, Essen 1999 e Anka - Solozhenkin, Helsinki 2000})
12. Qh5 $5 $146 {Eu decidi tentar a sugestao de Dreev em ECO B.} (
{
Isto foi jogado em duas partidas} 12. Rc1 Bh7 13. O-O Nd7 14. Bxd5 cxd5 (
{aqui, ao inves do lance "normal" feito em ambas as partidas eu sugiro} 
14... Nxe5 $5 15. Bxe6 fxe6 16. Qxe5 Qd5 $5 $13) 15. Bf4 $1
{Apos esta forte
resposta as brancas tem vantagem posicional e controlam a coluna "c". Melhor
do que} (
15. Qb5 Bd6 $5) (15. Nh5 a6 $5 ({em uma partida foi jogado
} 15... Be4 $6
16. Qb5 $1 f6 17. Ba5 b6 18. Nc6
{e as brancas ficaram
melhores na partida Xie Jun - Maia Chiburdanidze, Elista 1998}))
15... Nxe5 16. Bxe5 f6 (
{
Na outra partida as brancas tomaram controle da longa diagonal e foi jogado} 
16... a6 17. Nh5 (17. Rc7 $14) 17... Bg6 (
{
se as pretas decidirem tomar o Peao com} 17... Qxh4
{
as brancas possuem um forte lance} 18. Rc7 $1 (18. Nxg7+ $6 Bxg7 19. Bxg7
Rg8 20. Be5 Qg5 $15) (18. Bxg7 Bxg7 19. Nxg7+ Kd7 $1 20. Qe5 Rhc8 $1 21. Nh5
Ke7 $1 $13) 18... Bg6 (18... Be4 19. Qd1 $1 $16 {
com a ideia de Db3})
19. Nxg7+ Bxg7 20. Bxg7 Rh7 (20... Rg8 21. Rfc1 $1 $16) 21. Rfc1 $1 $16)
18. Nxg7+ Bxg7 19. Bxg7 Rg8 20. Qe5
{e as brancas ficaram
melhores na partida Marc Geenen - Olita Rause, Bodizar Kazic Memorial 1998})
17. Bf4 $5 ({se} 17. Bc7 {entao} 17... Qd7 $1 (17... Qe7 $2 18. Bf4 $16)
18. Bf4 Bd6 19. Bxd6 Qxd6 20. Rfe1 O-O $1 (20... Kf7 $2 21. Qxe6+ Qxe6 22. Rc7+
$18) (20... Bg8 $2 21. Nf5 Qd7 22. Qf3 $18 {com a ideia de Da3 ou Dg3})
21. Qxe6+ Qxe6 22. Rxe6 Rac8 (22... Rfc8) 23. Rxc8 Rxc8 24. Rd6 Rc1+ 25. Kh2
Rc2 26. Rxd5 Rxb2 $5 $13 {o final e confuso}) 17... Be7 (17... Qb6 18. Rc7 $5
{com a ideia de Tfc1}) 18. Qxe6 g5 19. Bd2 Qd7 20. Qe2 O-O 21. Qh5 $14)
12... g6 $5
{[O lance de Peao e a melhor resposta agora porque as brancas tem
a obrigacao de recuar a Dama. Se as pretas jogarem a sua Dama primeiro elas
deixam o inimigo com vantagem posicional pois ha o ganho de um tempo com Tc1} (
{Os tres lances de Dama sao:} 12... Qe7 13. Rc1 Nf6 (13... Bh7 $6 14. Bxd5 exd5
15. O-O $16 {com a ideia de Tfe1}) (13... Bg6 14. Nxg6 fxg6 15. Qxg6+ Qf7
16. Qxf7+ Kxf7 17. h5 $14) (13... g6 14. Qf3 f6 15. Rxc2 fxe5 16. dxe5 Nd7
17. Qe2 $14) 14. Qxf7+ Qxf7 15. Nxf7 Kxf7 16. Rxc2 $14) (12... Qc7 13. Rc1 Nf6 (
13... Bh7 $6 14. Bxd5 exd5 15. Qe2 $1 Be7 (15... Qe7 16. Rc3 $1 $16) 16. Nh5 $1
Rg8 (16... Kf8 17. Nxg7 $1 $16) (16... O-O 17. Qg4 $16) 17. Qg4 Bf8 (17... Kf8
18. Nf4 $1 $16) (17... g5 18. Qf3 Bg6 (18... f5 $2 19. Qxd5 $1 $18) 19. hxg5
$16) (17... Bf6 18. O-O Bxe5 (18... Nd7 19. Ba5 $1 $16) 19. dxe5 $16) 18. O-O
f5 (18... Nd7 19. Rfe1 $16) 19. Qe2 $16) (13... Bg6 14. Nxg6 fxg6 15. Qxg6+ (
15. Qg4 $5) (15. Qe2 $5) 15... Qf7 16. Qxf7+ Kxf7 17. h5 $14) 14. Qxf7+ Qxf7
15. Nxf7 Kxf7 16. Rxc2 $14) (12... Qf6 13. Bxd5 exd5 (13... cxd5 $2 14. Rc1 $18)
14. O-O Nd7 (14... g6 15. Qe2 $14) 15. Rfe1 O-O-O (15... Nxe5 16. Rxe5+ Kd7
17. Rc1 Bh7 18. Rxd5+ $5 (18. Qg4+ Kd8 (18... Kc7 19. Rxd5 $16) 19. Nf5 $14)
18... Bd6 19. Rb5 $5 $14) 16. Qg4 Be7 17. Rac1 Bh7 18. Ba5 Qxh4 19. Qxh4 Bxh4
20. Nxf7 $14) 13. Qf3 Bf5 (
{
As pretas decidiram manter o Peao a mais e nao quiseram empatar com} 
13... Nf6 14. Qe3 (14. Rc1 Bf5 $5) 14... Nd5 15. Qf3 $11) 14. Nxf5 gxf5 (
14... exf5 $2 15. Qb3 $1 $16) 15. g4 $1 {As brancas colocam pressao no centro.}
15... Nd7 (
{As pretas decidiram devolver o Peao porque seria um erro jogar a Dama com o
intuito de ameacar os Peoes brancos com} 
15... Qb6 $2 16. gxf5 $1 Qxd4 (16... Qxb2 17. fxe6 $3 Qxa1+ 18. Ke2 Qb2 (
18... Qxd4 19. Qxf7+ $18) (18... Nf4+ 19. Qxf4 Qxh1 20. Qxf7+ Kd8 21. Qxb7 $18)
19. Bxd5 $18) 17. Qe2 $1 Qxb2 (17... Bb4 18. O-O-O Nf4 19. Qe1 Nd7 20. Bxb4
Qxe5 21. Bc3 Qxe1 22. Rhxe1 Rf8 23. Bd2 $16) 18. Rd1 Rh7 (18... Bb4 19. Nxf7 $1
Kxf7 (19... Bxd2+ 20. Rxd2 Qa1+ 21. Rd1 Qc3+ 22. Kf1 $18) 20. Qxe6+ Kf8
21. Bxd5 cxd5 22. Qc8+ Kf7 (22... Ke7 23. f6+ $1) 23. Qxb7+ Kf6 24. Kf1 $18) (
18... Bg7 19. Nxf7 $1 Kxf7 (19... O-O 20. Nxh6+ $18) 20. Qxe6+ Kf8 21. O-O $1
$18) (18... Rg8 19. Nxf7 $1 Qf6 20. fxe6 {(com a ideia de Bxd5)} 20... a6
21. h5 $16) (18... Be7 19. fxe6 fxe6 20. Qh5+ Kd8 21. Nf7+ Kc7 22. Nxh8 Qxh8
23. Bxd5 exd5 (23... cxd5 24. Qxh6 $16) 24. Qxh6 $16) 19. fxe6 fxe6 20. Bd3 Rg7
21. Bg6+ Rxg6 22. Nxg6 Bb4 23. Qxe6+ Kd8 24. Rh3 $16) 16. gxf5 (16. Nxd7 $6
fxg4 $1 {
e bom para as pretas - Alex Baburin.}) 16... Nxe5 (
{As pretas decidiram trocar
os Cavalos e colocar a Dama em b6, porque seria uma perda de tempo colocar a
Dama em frente ao Rei com:} 
16... Qe7 17. Nxd7 Qxd7 18. O-O-O O-O-O 19. Rhe1 $14) 17. dxe5 Qb6
{A Dama preta esta muito bem colocada agora.} 18. Bb3 ({Havia uma armadilha} 
18. O-O-O $2 Qc5 $1 $19 {com a ideia de jogar b5}) ({se} 18. fxe6 fxe6 19. Qg4 (
19. Qh5+ Kd7 $132 {
com a ideia de Be7, Taf8}) 19... O-O-O $132) 18... Bb4
19. O-O-O O-O-O
{
Os dois jogadores completaram o desenvolvimento e colocaram os Reis em locais
seguros.}
20. Be3 ({Talvez as brancas deveriam ter jogado} 20. Kb1 $5
{
mas eu nao gostei da ideia de manter o Cavalo no centro.}) 20... Nxe3
21. Qxe3 {Agora a posicao esta igualada, com os Bispos de cores opostas.}
21... Bc5 22. Qe4 $5 (22. Qh3 Bxf2 23. fxe6 fxe6 24. Qxe6+ Kb8 25. Kb1 Rxd1+
26. Rxd1 (26. Bxd1 Qd4 $15) 26... Bxh4 27. Rd7 Bg5 $1 $15 {com a ideia de Td8})
22... Bxf2 23. fxe6 fxe6 24. Bxe6+ Kc7 $1 (24... Kb8 25. Bd7 $14
{
com a ideia de jogar e6}) 25. Kb1 Rd4 $1 26. Qg6 Rhd8 27. Bb3 Rxd1+ 28. Rxd1
Rxd1+ 29. Bxd1 Qd4 30. Qf7+ $1 Kb6 {Empate por xeque perpetuo.} 1/2-1/2